| 000 | 00487nam a2200157Ia 4500 | ||
|---|---|---|---|
| 008 | 210716s1997 xx 000 0 und d | ||
| 020 | _a0314203869 | ||
| 041 | _aeng | ||
| 082 | _a174.936 JACJ | ||
| 100 | _aJackson, John H;Miller, Roger LeRoy;Miller, Shawn G. | ||
| 245 |
_aBusiness and society today: managing social issues. _bManaging social issues. |
||
| 250 | _a1 | ||
| 260 |
_aNew York _bWest publishing company _c1997 |
||
| 300 | _axix, 707,I-24 | ||
| 650 | _aGeneral Management | ||
| 999 |
_c206101 _d206101 |
||